[Event "2021 FIDE Online Olympiad"]
[Site "Chess.com"]
[Date "2021.08.27"]
[Round "1.6"]
[White "Chua, Jia-Tien"]
[Black "Weng, Yu-Hsin"]
[Result "1-0"]
[WhiteElo "1798"]
[BlackElo "1000"]
[PlyCount "57"]
[EventDate "2021.08.27"]
[EventType "team"]
[EventRounds "9"]
[SourceVersionDate "2018.05.14"]
[WhiteTeam "Malaysia"]
[BlackTeam "Chinese Taipei"]
[WhiteTeamCountry "MAS"]

1. e4 e6 2. d4 d5 3. Nd2 Nf6 4. e5 Nfd7 5. Bd3 c5 6. c3 b6 7. Ndf3 Ba6 8. Ne2
Bxd3 9. Qxd3 Be7 10. O-O O-O 11. Be3 Nc6 12. a3 cxd4 13. cxd4 Rc8 14. b4 f6 15.
exf6 Bxf6 16. Rac1 Qe7 17. Rc2 Ncb8 18. Rfc1 Rxc2 19. Rxc2 Qd8 20. Bf4 Re8 21.
Bg3 e5 22. Qb5 e4 23. Qxd5+ Kh8 24. Nd2 e3 25. Ne4 Qe7 26. Nd6 Rf8 27. fxe3
Qxe3+ 28. Bf2 Qd3 29. Rc1 1-0

[Event "2021 FIDE Online Olympiad"]
[Site "Chess.com"]
[Date "2021.08.27"]
[Round "1.5"]
[White "Prasad, Rudr"]
[Black "Otawa, Yuto"]
[Result "0-1"]
[WhiteElo "1568"]
[BlackElo "2125"]
[PlyCount "90"]
[EventDate "2021.08.27"]
[EventType "team"]
[EventRounds "9"]
[SourceVersionDate "2018.05.14"]
[WhiteTeam "Fiji"]
[BlackTeam "Japan"]
[WhiteTeamCountry "FIJ"]
[BlackTeamCountry "JPN"]

1. d4 d5 2. c4 e6 3. Nc3 Be7 4. Nf3 Nf6 5. Bg5 O-O 6. e3 h6 7. Bh4 Ne4 8. Bxe7
Qxe7 9. cxd5 Nxc3 10. bxc3 exd5 11. Qb3 Rd8 12. Bd3 c5 13. c4 dxc4 14. Qxc4 Be6
15. Qc3 Nd7 16. O-O Rac8 17. Be4 Nf6 18. Nd2 cxd4 19. Qd3 Rc3 20. Qe2 Bg4 21.
Bf3 dxe3 22. Bxg4 Rxd2 23. Qf3 exf2+ 24. Rxf2 Rxf3 25. Bxf3 Qe3 26. Raf1 Rxa2
27. g3 Rxf2 28. Rxf2 Ne4 29. Bxe4 Qe1+ 30. Kg2 Qxe4+ 31. Kh3 a5 32. Rf4 Qxf4
33. gxf4 a4 34. Kg3 a3 35. Kf3 a2 36. Ke3 a1=Q 37. Kd2 Qa3 38. f5 b5 39. f6 b4
40. h4 Qc3+ 41. Ke2 b3 42. fxg7 b2 43. h5 b1=Q 44. Kf2 Qbb2+ 45. Kf1 Qcc1# 0-1

[Event "2021 FIDE Online Olympiad"]
[Site "Chess.com"]
[Date "2021.08.27"]
[Round "2.1"]
[White "Thing, Bibek"]
[Black "Xie, Felix"]
[Result "1-0"]
[WhiteElo "2065"]
[BlackElo "1981"]
[PlyCount "117"]
[EventDate "2021.08.27"]
[EventType "team"]
[EventRounds "9"]
[SourceVersionDate "2018.05.14"]
[WhiteTeam "Nepal"]
[BlackTeam "New Zealand"]
[WhiteTeamCountry "NEP"]
[BlackTeamCountry "NZL"]

1. e4 c6 2. d4 d5 3. e5 Bf5 4. h4 h5 5. Bd3 Bxd3 6. Qxd3 Qa5+ 7. Nd2 e6 8. Ngf3
Nh6 9. O-O Nf5 10. c4 Be7 11. g3 Qc7 12. b3 Nd7 13. Re1 Nb6 14. Nf1 dxc4 15.
bxc4 Rd8 16. a4 g6 17. a5 Nd7 18. Qe4 Nb8 19. Ne3 Na6 20. Bd2 Nxe3 21. Rxe3 Nb4
22. Rb1 c5 23. Bxb4 cxb4 24. d5 Bc5 25. Rd3 Qe7 26. Ng5 Rg8 27. Rbd1 exd5 28.
cxd5 f5 29. exf6 Qxe4 30. f7+ Kd7 31. Nxe4 Rgf8 32. Nxc5+ Kc8 33. Ne6 Rxf7 34.
Nxd8 Kxd8 35. Rb1 b6 36. axb6 axb6 37. Rxb4 Rb7 38. Rf3 Ke7 39. Rb5 Kd6 40.
Rf6+ Ke5 41. Rxg6 Rd7 42. Re6+ Kd4 43. Rexb6 Ra7 44. Kg2 Ke5 45. Re6+ Kf5 46.
Re3 Rd7 47. d6+ Kg6 48. Rd5 Kf6 49. Re7 Rd8 50. Kf3 Rf8 51. Ree5 Rd8 52. d7 Kf7
53. Re8 Rxd7 54. Rxd7+ Kxe8 55. Ra7 Kf8 56. Kf4 Kg8 57. Kf5 Kf8 58. Ke6 Ke8 59.
Ra8# 1-0

[Event "2021 FIDE Online Olympiad"]
[Site "Chess.com"]
[Date "2021.08.27"]
[Round "2.5"]
[White "Otawa, Yuto"]
[Black "De Silva, L M S T."]
[Result "0-1"]
[WhiteElo "2125"]
[BlackElo "1744"]
[PlyCount "80"]
[EventDate "2021.08.27"]
[EventType "team"]
[EventRounds "9"]
[SourceVersionDate "2018.05.14"]
[WhiteTeam "Japan"]
[BlackTeam "Sri Lanka"]
[WhiteTeamCountry "JPN"]
[BlackTeamCountry "SRI"]

1. d4 Nf6 2. c4 e6 3. Nc3 Bb4 4. Qc2 d6 5. e3 O-O 6. Nge2 e5 7. Bd2 Nc6 8. a3
exd4 9. exd4 Bxc3 10. Bxc3 Re8 11. O-O-O d5 12. Ng3 Be6 13. c5 a6 14. Bd3 Qd7
15. Rhe1 b5 16. b4 Ne7 17. Kb2 Ng6 18. Bd2 Ng4 19. Bc1 a5 20. f3 Nf6 21. Bd2
axb4 22. axb4 c6 23. Ra1 Qc7 24. Bg5 Nd7 25. Ne2 Rxa1 26. Rxa1 Qxh2 27. Nc3 Qg3
28. Qd2 Nf6 29. Bxf6 gxf6 30. Rh1 f5 31. Rh3 Qf4 32. Qf2 Bd7 33. g3 Qe3 34.
Qxe3 Rxe3 35. Kc2 Rxf3 36. Rh5 f4 37. gxf4 Rxd3 38. f5 Rxd4 39. fxg6 hxg6 40.
Re5 Rxb4 0-1

[Event "2021 FIDE Online Olympiad"]
[Site "Chess.com"]
[Date "2021.08.27"]
[Round "2.6"]
[White "Weng, Yu-Hsin"]
[Black "Nikitskaya, Varvara"]
[Result "0-1"]
[WhiteElo "1000"]
[BlackElo "1143"]
[PlyCount "72"]
[EventDate "2021.08.27"]
[EventType "team"]
[EventRounds "9"]
[SourceVersionDate "2018.05.14"]
[WhiteTeam "Chinese Taipei"]
[BlackTeam "IPCA"]

1. d4 Nf6 2. Nf3 g6 3. c4 c5 4. d5 e6 5. Nc3 exd5 6. cxd5 d6 7. e4 a6 8. a4 Bg7
9. h3 O-O 10. Bd3 Re8 11. O-O Nbd7 12. Bf4 Qc7 13. Re1 b6 14. Nd2 Bb7 15. Nc4
Ne5 16. Bxe5 dxe5 17. Bc2 Bf8 18. d6 Qc6 19. Re2 b5 20. Na5 Qb6 21. Nxb7 Qxb7
22. axb5 axb5 23. Rb1 Red8 24. Rd2 Qc6 25. Qe2 b4 26. Qb5 Qc8 27. Na4 Rb8 28.
Qxc5 Qxc5 29. Nxc5 Bxd6 30. Nb3 Be7 31. f3 Rxd2 32. Nxd2 Rc8 33. Bb3 Nd7 34.
Nc4 Kf8 35. Kf2 f6 36. Rd1 Nc5 0-1

[Event "2021 FIDE Online Olympiad"]
[Site "Chess.com"]
[Date "2021.08.27"]
[Round "2.3"]
[White "Promsirinimit, Pornouma"]
[Black "Eynula, Roza"]
[Result "0-1"]
[WhiteElo "1559"]
[BlackElo "2008"]
[PlyCount "84"]
[EventDate "2021.08.27"]
[EventType "team"]
[EventRounds "9"]
[SourceVersionDate "2018.05.14"]
[WhiteTeam "Thailand"]
[BlackTeam "South Korea"]
[WhiteTeamCountry "THA"]

1. e4 e6 2. d4 d5 3. exd5 exd5 4. Bd3 c6 5. Nf3 Bd6 6. O-O Ne7 7. Nc3 f6 8. Ne2
O-O 9. Bf4 Bg4 10. Bxd6 Qxd6 11. Ng3 h5 12. h3 h4 13. hxg4 hxg3 14. fxg3 Qxg3
15. Qe2 Rf7 16. Qe6 Qf4 17. Rae1 Na6 18. Ne5 Qxd4+ 19. Rf2 Raf8 20. Nxf7 Rxf7
21. g5 Nc5 22. Qh3 f5 23. g6 Nxg6 24. Re8+ Nf8 25. Bxf5 g6 26. c3 Qf6 27. Qg4
Nd3 28. Rf3 Ne5 29. Bxg6 Nxf3+ 30. gxf3 Rg7 31. Qc8 Rxg6+ 32. Kf2 Qh4+ 33. Ke3
Qe1+ 34. Kd3 Qd1+ 35. Ke3 Re6+ 36. Rxe6 Qe1+ 37. Kd4 Qxe6 38. Qxb7 Nd7 39. Qxa7
Kf7 40. a4 Kf6 41. Qa6 c5+ 42. Kd3 Qxa6+ 0-1

[Event "2021 FIDE Online Olympiad"]
[Site "Chess.com"]
[Date "2021.08.27"]
[Round "3.6"]
[White "Chuemsakul, Sarocha"]
[Black "Weng, Yu-Hsin"]
[Result "0-1"]
[WhiteElo "1680"]
[BlackElo "1000"]
[PlyCount "72"]
[EventDate "2021.08.27"]
[EventType "team"]
[EventRounds "9"]
[SourceVersionDate "2018.05.14"]
[WhiteTeam "Thailand"]
[BlackTeam "Chinese Taipei"]
[WhiteTeamCountry "THA"]

1. c4 e6 2. d4 d5 3. Nf3 Nf6 4. g3 Bb4+ 5. Bd2 Bxd2+ 6. Nbxd2 O-O 7. Bg2 b6 8.
cxd5 Nxd5 9. O-O Bb7 10. e4 Nf6 11. Qc2 Nbd7 12. e5 Nd5 13. Ne4 Rc8 14. Rac1
Nb4 15. Qb1 Bxe4 16. Qxe4 Nxa2 17. Ra1 Nb4 18. Rxa7 Nd5 19. Rfa1 c5 20. Qe2 Rc7
21. Qb5 cxd4 22. Nxd4 Nxe5 23. f4 Rc5 24. Qf1 Ne3 25. Qf2 N5g4 26. Qd2 Nxg2 27.
Kxg2 Qd5+ 28. Kg1 Rfc8 29. Rd1 Rc4 30. Nf3 Qc5+ 31. Kh1 Nf2+ 32. Kg2 Nxd1 33.
Qxd1 Rc2+ 34. Kh3 Qh5+ 35. Nh4 Qxd1 36. g4 Qd3+ 0-1

[Event "2021 FIDE Online Olympiad"]
[Site "Chess.com"]
[Date "2021.08.27"]
[Round "3.6"]
[White "Mitsuyama, Rikka"]
[Black "Ning, Isabelle Yixuan"]
[Result "1-0"]
[WhiteElo "1062"]
[BlackElo "1644"]
[PlyCount "117"]
[EventDate "2021.08.27"]
[EventType "team"]
[EventRounds "9"]
[SourceVersionDate "2018.05.14"]
[WhiteTeam "Japan"]
[BlackTeam "New Zealand"]
[WhiteTeamCountry "JPN"]
[BlackTeamCountry "NZL"]

1. d4 Nf6 2. c4 g6 3. Nc3 Bg7 4. e4 d6 5. Nf3 O-O 6. Be2 e5 7. O-O Nc6 8. d5
Ne7 9. Ne1 Nd7 10. Bg4 f5 11. Bh3 Nf6 12. f3 f4 13. Bxc8 Rxc8 14. Nd3 g5 15. c5
h5 16. cxd6 cxd6 17. Nf2 Qd7 18. h3 Ng6 19. Bd2 Nh8 20. Ne2 Nf7 21. g3 Nh6 22.
g4 hxg4 23. hxg4 Kf7 24. Nh3 Kg6 25. Qe1 Rh8 26. Nf2 Bf8 27. Kg2 Be7 28. Rh1
Rcf8 29. Qg1 Nfxg4 30. Kf1 Ne3+ 31. Bxe3 fxe3 32. Nd1 Rxf3+ 33. Ke1 Qb5 34. Rb1
Qb4+ 35. Ndc3 Rhf8 36. Qg2 Rf2 37. Qh3 Rh8 38. Qe6+ Bf6 39. Qh3 Nf7 40. Qxe3
Rxh1+ 41. Kxf2 Rh2+ 42. Kg1 Rh8 43. Qf3 Qb6+ 44. Kg2 Kg7 45. Rf1 Rh6 46. Ng3
Qxb2+ 47. Nce2 Rg6 48. Nf5+ Kf8 49. Nfg3 g4 50. Qe3 Qxa2 51. Qc3 Qa6 52. Qc8+
Kg7 53. Nf5+ Kh7 54. Rh1+ Nh6 55. Qd7+ Bg7 56. Rxh6+ Kg8 57. Qe8+ Bf8 58. Qxg6+
Bg7 59. Qxg7# 1-0

[Event "2021 FIDE Online Olympiad"]
[Site "Chess.com"]
[Date "2021.08.28"]
[Round "4.4"]
[White "Tharushi, T H D Niklesha"]
[Black "Kudainazarova, Dariia"]
[Result "1-0"]
[WhiteElo "1540"]
[BlackElo "1000"]
[PlyCount "51"]
[EventDate "2021.08.27"]
[EventType "team"]
[EventRounds "9"]
[SourceVersionDate "2018.05.14"]
[WhiteTeam "Sri Lanka"]
[BlackTeam "IPCA"]
[WhiteTeamCountry "SRI"]

1. d4 d5 2. c4 e6 3. Nc3 Nf6 4. cxd5 Nxd5 5. e4 Nf6 6. Nf3 Be7 7. Bc4 O-O 8.
O-O b6 9. e5 Nd5 10. Bd3 Bb7 11. a3 c5 12. Qc2 h6 13. dxc5 Bxc5 14. b4 Be7 15.
Nb5 Na6 16. Qe2 Nf4 17. Bxf4 Nc7 18. Nxc7 Qxc7 19. Rac1 Qd8 20. Rfd1 Qe8 21.
Bb1 Bd5 22. Qd3 f5 23. exf6 Rxf6 24. Qh7+ Kf8 25. Qh8+ Kf7 26. Ne5# 1-0

[Event "2021 FIDE Online Olympiad"]
[Site "Chess.com"]
[Date "2021.08.28"]
[Round "4.5"]
[White "Laohawirapap, Prin"]
[Black "Prasad, Rudr"]
[Result "1-0"]
[WhiteElo "1904"]
[BlackElo "1568"]
[PlyCount "101"]
[EventDate "2021.08.27"]
[EventType "team"]
[EventRounds "9"]
[SourceVersionDate "2018.05.14"]
[WhiteTeam "Thailand"]
[BlackTeam "Fiji"]
[WhiteTeamCountry "THA"]
[BlackTeamCountry "FIJ"]

1. e4 c6 2. d4 d5 3. exd5 cxd5 4. Bd3 Nc6 5. c3 Nf6 6. Bf4 Qb6 7. Qb3 Qxb3 8.
axb3 Bd7 9. b4 Nh5 10. Be3 e6 11. b5 Ne7 12. Nd2 Ng6 13. Ne2 Bd6 14. g3 e5 15.
f3 f5 16. dxe5 Nxe5 17. Bc2 O-O 18. Nd4 g6 19. O-O Rfe8 20. Bb3 Nf6 21. Bg5 Kg7
22. Bxf6+ Kxf6 23. Bxd5 Bc5 24. N2b3 Bb6 25. c4 Rac8 26. Rac1 Nd3 27. Rc3 Nxb2
28. Kh1 Na4 29. Rd3 Nc5 30. Nxc5 Bxc5 31. Bxb7 Rc7 32. Bd5 Re5 33. f4 Re8 34.
Nf3 Be6 35. Re1 Ree7 36. Bxe6 Rxe6 37. Rxe6+ Kxe6 38. Ne5 Bd6 39. Nc6 a6 40.
Nd4+ Ke7 41. Nc6+ Ke6 42. Re3+ Kf6 43. Nd8 Re7 44. Rxe7 Bxe7 45. bxa6 Bc5 46.
Nc6 Ke6 47. a7 Bxa7 48. Nxa7 Kd6 49. Nb5+ Kc5 50. Na3 Kb4 51. Kg2 1-0

[Event "2021 FIDE Online Olympiad"]
[Site "Chess.com"]
[Date "2021.08.28"]
[Round "4.6"]
[White "Weng, Yu-Hsin"]
[Black "Seo, Jiwon"]
[Result "1-0"]
[WhiteElo "1000"]
[BlackElo "1299"]
[PlyCount "51"]
[EventDate "2021.08.27"]
[EventType "team"]
[EventRounds "9"]
[SourceVersionDate "2018.05.14"]
[WhiteTeam "Chinese Taipei"]
[BlackTeam "South Korea"]

1. d4 Nf6 2. Nf3 g6 3. c4 Bg7 4. Nc3 d5 5. cxd5 Nxd5 6. e4 Nxc3 7. bxc3 O-O 8.
Be3 c5 9. Rc1 Qa5 10. Qd2 Nc6 11. d5 Ne5 12. Nxe5 Bxe5 13. Be2 f5 14. Bh6 Rd8
15. f4 Bg7 16. Bxg7 Kxg7 17. e5 b5 18. O-O Bb7 19. Bf3 Rac8 20. Rfd1 Rd7 21. e6
Rd6 22. Qe3 Qxa2 23. Qe5+ Kg8 24. h4 Rcd8 25. h5 Bxd5 26. h6 1-0

[Event "2021 FIDE Online Olympiad"]
[Site "Chess.com"]
[Date "2021.08.28"]
[Round "5.6"]
[White "Neupane, Anisha"]
[Black "Weng, Yu-Hsin"]
[Result "0-1"]
[WhiteElo "1463"]
[BlackElo "1000"]
[PlyCount "54"]
[EventDate "2021.08.27"]
[EventType "team"]
[EventRounds "9"]
[SourceVersionDate "2018.05.14"]
[WhiteTeam "Nepal"]
[BlackTeam "Chinese Taipei"]
[WhiteTeamCountry "NEP"]

1. e4 e6 2. d4 d5 3. exd5 exd5 4. Bd3 Bd6 5. Be3 Ne7 6. Nf3 Bf5 7. O-O O-O 8.
Re1 Bxd3 9. Qxd3 c6 10. c3 Ng6 11. Nbd2 Nd7 12. h3 h6 13. Nb3 Nf6 14. Rad1 a5
15. a4 Nh5 16. Ne5 Nf6 17. Nxg6 fxg6 18. Qxg6 Kh8 19. Nc5 Qc8 20. Bxh6 Rg8 21.
Bxg7+ Rxg7 22. Qxf6 Qxh3 23. g3 Bxg3 24. Re3 Bxf2+ 25. Kxf2 Qg2+ 26. Ke1 Kh7
27. Qh4+ Kg8 0-1

[Event "2021 FIDE Online Olympiad"]
[Site "Chess.com"]
[Date "2021.08.28"]
[Round "6.3"]
[White "Lohani, Sujana"]
[Black "Azhar, Puteri Munajjah Az-"]
[Result "1-0"]
[WhiteElo "1501"]
[BlackElo "1776"]
[PlyCount "69"]
[EventDate "2021.08.27"]
[EventType "team"]
[EventRounds "9"]
[SourceVersionDate "2018.05.14"]
[WhiteTeam "Nepal"]
[BlackTeam "Malaysia"]
[WhiteTeamCountry "NEP"]
[BlackTeamCountry "MAS"]

1. d4 Nf6 2. Nf3 d6 3. g3 g6 4. Bg2 Bg7 5. O-O O-O 6. c4 c6 7. Nc3 Qc7 8. e4
Bg4 9. h3 Bxf3 10. Qxf3 Nbd7 11. Rd1 a5 12. Be3 Rab8 13. Qe2 e5 14. d5 Rfd8 15.
Rac1 Nc5 16. Bxc5 dxc5 17. a4 Qe7 18. Kh2 Rd7 19. Rf1 Bh6 20. Rcd1 Rbd8 21. Kg1
Nh5 22. Bf3 Nf6 23. Kh2 Rd6 24. Bg2 Nd7 25. f4 exf4 26. gxf4 Rf6 27. Qg4 Nf8
28. e5 Rxf4 29. Rxf4 Qxe5 30. Rdf1 g5 31. Kh1 Ng6 32. Rxf7 Bf8 33. R7f5 Qg7 34.
Rxg5 Bd6 35. Be4 1-0

[Event "2021 FIDE Online Olympiad"]
[Site "Chess.com"]
[Date "2021.08.28"]
[Round "6.6"]
[White "Prasad, Tanvi"]
[Black "Weng, Yu-Hsin"]
[Result "1-0"]
[WhiteElo "1311"]
[BlackElo "1000"]
[PlyCount "139"]
[EventDate "2021.08.27"]
[EventType "team"]
[EventRounds "9"]
[SourceVersionDate "2018.05.14"]
[WhiteTeam "Fiji"]
[BlackTeam "Chinese Taipei"]
[WhiteTeamCountry "FIJ"]

1. d4 e6 2. c4 Nf6 3. Nc3 Bb4 4. Bg5 h6 5. Bd2 b6 6. a3 Bxc3 7. Bxc3 Bb7 8. Nf3
d6 9. e3 Ne4 10. Bd2 f5 11. Bd3 Nxd2 12. Qxd2 O-O 13. Be2 Nd7 14. O-O Nf6 15.
Ne1 Ne4 16. Qd3 Rf6 17. Bf3 Rg6 18. g3 Qg5 19. Bg2 h5 20. Nf3 Qe7 21. h4 Rh6
22. Nd2 Nxd2 23. Bxb7 Nxf1 24. Bxa8 Nxg3 25. fxg3 Rg6 26. Kf2 Qf6 27. Bf3 e5
28. dxe5 Qxe5 29. Qd5+ Kf8 30. Qxe5 dxe5 31. Bxh5 Rc6 32. b3 Ke7 33. Rd1 a5 34.
Bf3 e4 35. Be2 g6 36. g4 Ke8 37. Kg3 Ke7 38. gxf5 gxf5 39. Kf4 Rh6 40. Kg5 Rf6
41. h5 c5 42. h6 Rf8 43. Rh1 Kf7 44. Kxf5 Kg8+ 45. Kg6 Kh8 46. Bg4 Rg8+ 47. Kh5
Rf8 48. Be6 Kh7 49. Bd5 Re8 50. Rg1 Kh8 51. Rg6 Re5+ 52. Rg5 Re8 53. Rg6 Re5+
54. Kh4 Kh7 55. Rxb6 Re7 56. Rb7 Rxb7 57. Bxb7 Kxh6 58. Kg4 Kg7 59. Kf5 Kf7 60.
Ke5 Ke7 61. Bxe4 Kd7 62. Bg6 Kc6 63. Kf6 Kd6 64. e4 Kd7 65. e5 Kd8 66. e6 Kc7
67. e7 a4 68. bxa4 Kb6 69. e8=Q Ka5 70. Qb5# 1-0

[Event "2021 FIDE Online Olympiad"]
[Site "Chess.com"]
[Date "2021.08.29"]
[Round "7.4"]
[White "Adhikari, Kritisara"]
[Black "Sewak, Aarti"]
[Result "0-1"]
[WhiteElo "1478"]
[BlackElo "1412"]
[PlyCount "94"]
[EventDate "2021.08.27"]
[EventType "team"]
[EventRounds "9"]
[SourceVersionDate "2018.05.14"]
[WhiteTeam "Nepal"]
[BlackTeam "Fiji"]
[WhiteTeamCountry "NEP"]
[BlackTeamCountry "FIJ"]

1. d4 Nf6 2. Bf4 d6 3. e3 Bf5 4. Bd3 Qd7 5. Nf3 Nd5 6. Bg3 Bxd3 7. Qxd3 Nb4 8.
Qd2 a5 9. a3 N4c6 10. c4 e6 11. Nc3 g6 12. h3 Bg7 13. O-O h6 14. Rab1 f5 15.
Qd3 g5 16. Bh2 Bf6 17. Rfe1 O-O 18. d5 exd5 19. Qxd5+ Kg7 20. Rbd1 g4 21. hxg4
fxg4 22. Nd4 Ne7 23. Qxb7 Nbc6 24. Nxc6 Nxc6 25. Qb3 Qf5 26. Rd5 Be5 27. Bxe5+
dxe5 28. Re2 g3 29. f3 Qh5 30. Rd7+ Kg6 31. Qc2+ Rf5 32. Re1 Qh2+ 33. Kf1 Qh1+
34. Ke2 Qxg2+ 35. Kd1 Qxf3+ 36. Kc1 Raf8 37. Qd3 Qf2 38. Qd1 R8f6 39. Qg4+ Rg5
40. Qe4+ Qf5 41. Qxf5+ Rgxf5 42. Rxc7 g2 43. Ne4 Re6 44. Ng3 Rf3 45. Ne2 Rf1
46. Kd1 Rd6+ 47. Kc2 Rxe1 0-1

[Event "2021 FIDE Online Olympiad"]
[Site "Chess.com"]
[Date "2021.08.29"]
[Round "7.6"]
[White "Weng, Yu-Hsin"]
[Black "Sanudula, K M Dahamdi"]
[Result "0-1"]
[WhiteElo "1000"]
[BlackElo "1396"]
[PlyCount "76"]
[EventDate "2021.08.27"]
[EventType "team"]
[EventRounds "9"]
[SourceVersionDate "2018.05.14"]
[WhiteTeam "Chinese Taipei"]
[BlackTeam "Sri Lanka"]
[BlackTeamCountry "SRI"]

1. d4 Nf6 2. Nf3 e6 3. c4 d5 4. Nc3 Be7 5. Bg5 O-O 6. e3 b6 7. cxd5 exd5 8. Bd3
Bb7 9. O-O Ne4 10. Bxe7 Qxe7 11. Qc2 Nd7 12. Rac1 Ndf6 13. a3 c5 14. dxc5 Nxc5
15. Be2 Rac8 16. Nd4 Nce4 17. Qd2 Nxd2 18. Rfd1 Nde4 19. Nxe4 Nxe4 20. Bf3 Rxc1
21. Rxc1 Rc8 22. Rd1 h6 23. Bg4 Rc2 24. Nxc2 Qf6 25. f3 Qxb2 26. fxe4 Qxc2 27.
exd5 Qb3 28. d6 Qxe3+ 29. Kh1 Qf2 30. Bh3 Qe2 31. Rc1 Qe3 32. Rd1 Qxh3 33. Rd2
Qe3 34. Rd1 Qe2 35. Rg1 Qd2 36. h3 Qxd6 37. a4 Qg3 38. a5 Qxh3# 0-1

[Event "2021 FIDE Online Olympiad"]
[Site "Chess.com"]
[Date "2021.08.29"]
[Round "8.5"]
[White "Paudel, Yubraj"]
[Black "Lipilin, Ilia"]
[Result "0-1"]
[WhiteElo "1677"]
[BlackElo "2038"]
[PlyCount "72"]
[EventDate "2021.08.27"]
[EventType "team"]
[EventRounds "9"]
[SourceVersionDate "2018.05.14"]
[WhiteTeam "Nepal"]
[BlackTeam "IPCA"]
[WhiteTeamCountry "NEP"]

1. d4 f5 2. c4 Nf6 3. g3 g6 4. Bg2 Bg7 5. h4 d6 6. Nh3 e5 7. dxe5 dxe5 8. Qxd8+
Kxd8 9. Nc3 c6 10. Bg5 Be6 11. O-O-O+ Ke7 12. b3 Nbd7 13. e4 h6 14. Be3 Ng4 15.
Bd2 Rad8 16. f3 Ngf6 17. Na4 b6 18. c5 b5 19. Nb2 Nb8 20. Ba5 Rxd1+ 21. Rxd1
Na6 22. exf5 gxf5 23. Nf2 Nd5 24. Re1 Nxc5 25. Nfd3 Nxd3+ 26. Nxd3 Kd6 27. f4
e4 28. Nf2 Bd4 29. Nh1 Rg8 30. Rd1 c5 31. b4 Be3+ 32. Kc2 c4 33. a4 a6 34. axb5
axb5 35. Ra1 Bd4 36. Bc7+ Kxc7 0-1

[Event "2021 FIDE Online Olympiad"]
[Site "Chess.com"]
[Date "2021.08.29"]
[Round "8.6"]
[White "Ning, Isabelle Yixuan"]
[Black "Weng, Yu-Hsin"]
[Result "1-0"]
[WhiteElo "1644"]
[BlackElo "1000"]
[PlyCount "79"]
[EventDate "2021.08.27"]
[EventType "team"]
[EventRounds "9"]
[SourceVersionDate "2018.05.14"]
[WhiteTeam "New Zealand"]
[BlackTeam "Chinese Taipei"]
[WhiteTeamCountry "NZL"]

1. d4 e6 2. c4 Nf6 3. Nc3 Bb4 4. f3 d5 5. a3 Bxc3+ 6. bxc3 c6 7. e3 Nbd7 8. Bd3
dxc4 9. Bxc4 b5 10. Bd3 O-O 11. Ne2 Bb7 12. O-O a6 13. e4 c5 14. Bg5 Qc7 15.
Rc1 c4 16. Bb1 h6 17. Bh4 Nh5 18. Qc2 Nf4 19. Nxf4 Qxf4 20. e5 g6 21. Qf2 h5
22. Bg3 Qh6 23. f4 f5 24. exf6 Rxf6 25. Bh4 Rf7 26. Rce1 Bd5 27. Re3 Nf6 28. h3
Nd7 29. Bxg6 Rg7 30. Be4 Nb6 31. Bg5 Qh8 32. Bf6 Bxe4 33. Bxg7 Qh7 34. Be5 Kf7
35. Qh4 Qf5 36. Rg3 Rg8 37. Rxg8 Kxg8 38. Qd8+ Kh7 39. Qh8+ Kg6 40. Qg7# 1-0

[Event "2021 FIDE Online Olympiad"]
[Site "Chess.com"]
[Date "2021.08.29"]
[Round "9.6"]
[White "Weng, Yu-Hsin"]
[Black "Mitsuyama, Rikka"]
[Result "0-1"]
[WhiteElo "1000"]
[BlackElo "1062"]
[PlyCount "106"]
[EventDate "2021.08.27"]
[EventType "team"]
[EventRounds "9"]
[SourceVersionDate "2018.05.14"]
[WhiteTeam "Chinese Taipei"]
[BlackTeam "Japan"]
[BlackTeamCountry "JPN"]

1. d4 d5 2. Nf3 Nf6 3. c4 c6 4. Nc3 e6 5. Bg5 Be7 6. e3 Nbd7 7. cxd5 exd5 8.
Bd3 O-O 9. O-O Re8 10. Qc2 Nf8 11. h3 Bd7 12. Rfc1 h6 13. Bf4 Ne6 14. Be5 Bc8
15. e4 Nxe4 16. Nxe4 dxe4 17. Bxe4 f6 18. Bg3 Kh8 19. Rd1 Qb6 20. Qd2 Rd8 21.
Bf4 Nxf4 22. Qxf4 Bd6 23. Qd2 Be6 24. Nh4 Qb5 25. Qe2 Qxe2 26. Bd3 Qxb2 27.
Rab1 Qxd4 28. Ng6+ Kg8 29. Rxb7 Qc5 30. Nh4 Bf8 31. Rb2 Rxd3 32. Re1 Qc3 33.
Rbe2 Bc4 34. Nf5 Rd2 35. Re3 Rd3 36. R3e2 Rdd8 37. Re3 Qb4 38. a3 Qa4 39. Rg3
Rd1 40. Rge3 Rxe1+ 41. Rxe1 Qc2 42. Ne3 Qd2 43. Rd1 Qxd1+ 44. Nxd1 Bxa3 45. Ne3
Bd3 46. g3 Bc5 47. Nd1 Bd4 48. Kg2 Rb8 49. Kf3 Rb3 50. Kg2 Be4+ 51. Kf1 Bf3 52.
Ne3 Rb1+ 53. Nd1 Rxd1# 0-1

[Event "2021 FIDE Online Olympiad"]
[Site "Chess.com"]
[Date "2021.08.29"]
[Round "9.2"]
[White "Kwon, Sehyun"]
[Black "Poh, Yu Tian"]
[Result "1/2-1/2"]
[WhiteElo "1952"]
[BlackElo "1670"]
[PlyCount "168"]
[EventDate "2021.08.27"]
[EventType "team"]
[EventRounds "9"]
[SourceVersionDate "2018.05.14"]
[WhiteTeam "South Korea"]
[BlackTeam "Malaysia"]
[BlackTeamCountry "MAS"]

1. e4 c5 2. Nf3 d6 3. Bb5+ Bd7 4. Bxd7+ Nxd7 5. O-O Ngf6 6. Qe2 e6 7. d4 cxd4
8. Nxd4 a6 9. c4 g6 10. Nc3 Bg7 11. b3 O-O 12. Bb2 Rc8 13. Rad1 Qa5 14. f4 Qh5
15. Nf3 Qc5+ 16. Kh1 Nh5 17. Qd2 Rfd8 18. Na4 Qc6 19. Bxg7 Nxg7 20. Nd4 Qc7 21.
f5 e5 22. Ne2 f6 23. fxg6 hxg6 24. Nac3 Qa5 25. Qxd6 Rc6 26. Qd2 b5 27. Qd5+
Re6 28. Rxf6 Nf8 29. Qxd8 Qxd8 30. Rxd8 Rxf6 31. cxb5 axb5 32. Nxb5 Rf2 33.
Nbc3 Rf1+ 34. Ng1 Nge6 35. Rd1 Rf2 36. Nge2 Nd4 37. Nxd4 exd4 38. Nb5 Ne6 39.
Kg1 Rxa2 40. Nxd4 Nf4 41. Rf1 Rxg2+ 42. Kh1 Rd2 43. Rxf4 Rxd4 44. Rf6 Kg7 45.
Rb6 Rxe4 46. Kg2 Re2+ 47. Kg3 Kh6 48. Rb5 Re3+ 49. Kg4 Re4+ 50. Kf3 Rh4 51. Kg3
Rd4 52. Rb8 Rd3+ 53. Kg4 Rd4+ 54. Kf3 Kg5 55. Re8 Rd2 56. h3 Rh2 57. Kg3 Rb2
58. Re3 Kf5 59. Rc3 Rb1 60. Rc5+ Kf6 61. Rb5 Rg1+ 62. Kf2 Rh1 63. Kg2 Rb1 64.
Kg3 Rg1+ 65. Kh4 g5+ 66. Kh5 Rg3 67. h4 gxh4 68. Kxh4 Rc3 69. Kg4 Ke6 70. Kf4
Kd6 71. Ke4 Kc6 72. Rb8 Kc7 73. Rb4 Rh3 74. Rb5 Kc6 75. Rb8 Kc7 76. Rb5 Kc6 77.
Rb8 Kc7 78. Rg8 Rxb3 79. Kd5 Rb5+ 80. Ke6 Rb1 81. Rg7+ Kc6 82. Rg8 Kc7 83. Rg7+
Kc6 84. Rg8 Kc7 1/2-1/2

[Event "2021 FIDE Online Olympiad"]
[Site "Chess.com"]
[Date "2021.08.27"]
[Round "1.6"]
[White "Ahmad Murad, Fatema Alzahraa"]
[Black "Mapaco, Ester Melina Elias"]
[Result "1-0"]
[WhiteElo "1568"]
[BlackElo "1000"]
[PlyCount "41"]
[EventDate "2021.08.27"]
[EventType "team"]
[EventRounds "9"]
[SourceVersionDate "2018.05.14"]
[WhiteTeam "Syria"]
[BlackTeam "Mozambique"]
[WhiteTeamCountry "SYR"]
[BlackTeamCountry "MOZ"]

1. d4 d5 2. c4 Nf6 3. Nc3 dxc4 4. e3 g6 5. Bxc4 Bg7 6. Nf3 Nc6 7. b3 Bg4 8. h3
Bd7 9. Bb2 O-O 10. Qe2 Bf5 11. Nh4 Be6 12. Rd1 Bxc4 13. bxc4 a6 14. Nf3 Na7 15.
O-O c6 16. a4 Qc7 17. Ba3 Nc8 18. Qd2 Nd6 19. Qd3 Rad8 20. e4 Nc8 21. Qb1 1-0

[Event "2021 FIDE Online Olympiad"]
[Site "Chess.com"]
[Date "2021.08.27"]
[Round "1.6"]
[White "Assoum, Nour"]
[Black "Chihi, Malek"]
[Result "0-1"]
[WhiteElo "1400"]
[BlackElo "1588"]
[PlyCount "46"]
[EventDate "2021.08.27"]
[EventType "team"]
[EventRounds "9"]
[SourceVersionDate "2018.05.14"]
[WhiteTeam "Lebanon"]
[BlackTeam "Tunisia"]
[WhiteTeamCountry "LBN"]
[BlackTeamCountry "TUN"]

1. e4 e5 2. Nf3 Nc6 3. Bc4 Bc5 4. d3 d6 5. h3 Nf6 6. c3 a6 7. Bb3 Bd7 8. Ng5
O-O 9. O-O h6 10. Nf3 Be6 11. Bc2 Ba7 12. d4 exd4 13. cxd4 Nb4 14. d5 Nxc2 15.
Qxc2 Bd7 16. Nc3 c6 17. Rd1 cxd5 18. Nxd5 Nxd5 19. Rxd5 Be6 20. Rd1 Rc8 21. Qd2
Rc6 22. b3 Qf6 23. Bb2 Qg6 0-1